| 000 | 01451nam0a2200313 4500 | ||
|---|---|---|---|
| 001 | RU\NLR\bibl\55578 | ||
| 005 | 20250616085613.0 | ||
| 010 |
_a5-87177-002-9 _910000 |
||
| 035 | _a(NLR Aleph) 000054193 | ||
| 090 |
_a291996 _c291996 |
||
| 100 | _a19991028d1993 |||y0rusy50 ca | ||
| 101 | 0 | _arus | |
| 102 | _aRU | ||
| 105 | _ac ||||||||| | ||
| 200 | 1 |
_aИсцеление словом _eО лечении болезн. влечений методом целеб. зарока _e[Сб. из материалов о деятельности Междунар. ин-та резерв. возможностей человека и о гл. специалисте МИРВЧ Г.И. Григорьеве _fСост. и ред. С.В. Молева] |
|
| 210 |
_aПсков _cОтчина _d1993 |
||
| 215 |
_a77,[2] с. _cпортр. _d20 |
||
| 600 | 1 |
_aГригорьев _bГ. И. _gГригорий Игоревич _2psbo |
|
| 601 | 0 | 2 |
_aМеждународный институт резервных возможностей человека _cСанкт-Петербург _2psbo |
| 606 | 0 |
_aАутогенная тренировка _jСборники _91053120 _3RU\NLR\auth\6689255 |
|
| 686 | _aР357.112я43 | ||
| 702 | 1 |
_aМолева _bС. В. _4220 |
|
| 801 | 0 |
_aRU _bNLR _c19991028 _gPSBO |
|
| 801 | 1 |
_aRU _bNLR _c19991028 |
|
| 852 |
_aNLR _j99-4/7539 |
||
| 942 | _cBOOK | ||
| 980 | _aNB | ||